000 00485nam a2200133 a 4500
001 000031908
005 20200930063255.0
008 110707s1983 dr 000 0 spa d
111 _aJuegos deportivos nacionales
_c(San Pedro de Macorís, República Dominicana
_d1983
_n6: )
_958097
245 1 0 _avi juegos deportivos nacionales San Pedro de Macorís 1983 /.
260 _aSan Pedro de Macoris, República Dominicana :
_bSEDEFIR.
300 _a255 p. :
_bil. ;
_c28 cm.
999 _c31399
_d31399
040 _aDO-SdBNP